Economic environment of business / (Record no. 66919)

MARC details
000 -LEADER
fixed length control field 00616nam a22001817a 4500
005 - DATE AND TIME OF LATEST TRANSACTION
control field 20120519130030.0
020 ## - INTERNATIONAL STANDARD BOOK NUMBER
International Standard Book Number 8178668165
Terms of availability 325.00
035 ## - SYSTEM CONTROL NUMBER
System control number B-79370
037 ## - SOURCE OF ACQUISITION
Stock number DPL
Source of stock number/acquisition ENG
100 ## - MAIN ENTRY--PERSONAL NAME
Personal name Misra, S.K.
245 ## - TITLE STATEMENT
Title Economic environment of business /
Statement of responsibility, etc by S.K. Misra and V.K. Puri
250 ## - EDITION STATEMENT
Edition statement rprn.
260 ## - PUBLICATION, DISTRIBUTION, ETC. (IMPRINT)
Place of publication, distribution, etc Mumbai
Name of publisher, distributor, etc Himalaya Publishing House
Date of publication, distribution, etc 2004
300 ## - PHYSICAL DESCRIPTION
Extent 738p.
Dimensions 24 cms.
700 ## - ADDED ENTRY--PERSONAL NAME
Personal name Puri, V.K.
9 (RLIN) 47497
942 ## - ADDED ENTRY ELEMENTS (KOHA)
Source of classification or shelving scheme Dewey Decimal Classification
Item type English Books
Classification part 338.954
Call number suffix MIS
Holdings
Withdrawn status Lost status Not for loan Collection code Home library Current library Date acquired Cost, normal purchase price Full call number Barcode Cost, replacement price Koha item type Public note
      Non-fiction Sarojini Nagar Sarojini Nagar 19/05/2012 325.00 338.954 MIS B-79370 325.00 English Books Withdrawn List Prepared L.No.09/10

© Delhi Public Library
Hit Counter
free hit counter